MARC

Tag First Indicator Second Indicator Subfields
LEADER 00000pam a2200000 a 4500
001 in00000071245
005 20151008062126.0
008 810107s1981 nyu 00010aengm
010 |a  80054508  
020 |a 087223696X 
035 |a (OCoLC)07196378 
035 |9 AAJ9573AM 
039 0 |a 2  |b 3  |c 3  |d 3  |e 3 
040 |a DLC  |c DLC  |d m.c.  |d TXA  |d UtOrBLW 
043 |a e-fr--- 
049 |a TXAM  |c [1560746] 
050 0 0 |a D811.5  |b .L518 1981 
082 0 |a 940.54/81/730924  |2 19 
100 1 |a Liebling, A. J.  |q (Abbott Joseph),  |d 1904-1963. 
245 1 0 |a Liebling abroad /  |c A.J. Liebling ; introduction by Raymond Sokolov. 
264 1 |a [New York?] :  |b Playboy Press,  |c [1981] 
264 4 |c ©1981 
300 |a x, 672 pages ;  |c 24 cm. 
336 |a text  |b txt  |2 rdacontent 
337 |a unmediated  |b n  |2 rdamedia 
338 |a volume  |b nc  |2 rdacarrier 
505 0 |a Introduction / by Raymond Sokolov -- The road back to Paris -- Mollie & other war pieces -- Normandy revisited -- Between meals, an appetite for paris. 
600 1 0 |a Liebling, A. J.  |q (Abbott Joseph),  |d 1904-1963. 
650 0 |a World War, 1939-1945  |v Personal narratives, American. 
650 0 |a Gastronomy. 
650 0 |a Cooking, French. 
651 0 |a Normandy (France)  |x Description and travel. 
999 |a MARS 
999 f f |s ac841c9c-9d11-3fa3-931e-f4bcc5e99892  |i b599b1e0-ba3e-3d8f-bfdf-96d2b113aec8  |t 0 
952 f f |p normal  |a Texas A&M University  |b College Station  |c Sterling C. Evans Library  |d Evans: Library Stacks  |t 0  |e D811.5 .L518 1981  |h Library of Congress classification  |i unmediated -- volume  |m A14806095880 
998 f f |a D811.5 .L518 1981  |t 0  |l Evans: Library Stacks